000
00267pam a2200121 a 4500
020
_c
041
_a
eng
100
_a
Potter Stephen.
245
_a
One-Upmanship
_h
Textual Documents
260
_a
New York
_b
Penguin Books Ltd
_c
1962
300
_a
150p.
930
_a
15504
999
_c
92404
_d
92404